00480nam a22001817a 4500008004100000020001500041050002300056245005600079250001200135260002600147300001500173650002400188650001400212650001400226700001900240700002400259700001500283220706b |||||||| |||| 00| 0 eng d a0195061942 aRD93.8b.l56 1992 aThe Injury Fact Book/cBaker, Susan P. [et... al.]. a2nd ed. aNew YorkbO.U.Pc1992 axiv, 344p. aWounds and injuries aAccidents aMortality aO'neill, Brian aGinsburg, Marvin J. aLi, Guohua